000
00236 a2200097 4500
001
38595
100
_a
Yoda J
245
_a
Rolling bearings for industrial robots
260
_a
Singapore
_b
Gordon & Breach
_c
1990
090
_c
24466
_d
24466
942
_a
NUST-CAE
_c
M
_c
16076
999
_c
273668
_d
273668